| 000 | 01218nam a22002897a 4500 | ||
|---|---|---|---|
| 999 |
_c116108 _d116108 |
||
| 003 | dpl | ||
| 005 | 20180922130818.0 | ||
| 008 | 180922b ||||| |||| 00| 0 eng d | ||
| 010 | _aA-0144081 | ||
| 020 |
_c395.00 _a8171199011 |
||
| 035 | _aA-0144081, B-144087 | ||
| 037 | _bCen Lib/Ret | ||
| 040 |
_aDPL _bHN _c0 |
||
| 082 |
_aउ _bमहाश्वे |
||
| 100 |
_aमहाश्वेता देवी _964845 |
||
| 245 |
_aआंधारमानिक / _cमहाश्वेता देवी ; अनुवादक सुशील गुप्ता |
||
| 246 |
_aAandharmanik / _bby Mahashweta Devi ; anuvadak Susheel Gupta |
||
| 260 |
_aदिल्ली _bराधाकृष्ण प्रकाशन _c2004 |
||
| 270 |
_aजी-17, जगतपुरी _bदिल्ली _e110051 |
||
| 300 |
_axi,483पृ. _c20सेमी(सजिल्द) |
||
| 650 |
_aहिन्दी -- साहित्य _964846 |
||
| 650 |
_aहिन्दी -- उपन्यास _964847 |
||
| 650 |
_aHindi -- Literature _964848 |
||
| 650 |
_aHindi -- Fiction _927248 |
||
| 700 |
_aगुप्ता, सुशील _964849 |
||
| 942 |
_2ddc _cHN _hउ _mमहाश्वे |
||